Normal view
MARC view
- Mechatronics
Entry Topical Term
001 - CONTROL NUMBER
- control field: 84661
003 - CONTROL NUMBER IDENTIFIER
- control field: NUST
005 - DATE AND TIME OF LATEST TRANSACTION
- control field: 20211119155042.0
008 - FIXED-LENGTH DATA ELEMENTS
- fixed length control field: 211119|| aca||aabn | a|a d
040 ## - CATALOGING SOURCE
- Original cataloging agency: NUST
- Transcribing agency: NUST
150 ## - HEADING--TOPICAL TERM
- Topical term or geographic name entry element: Mechatronics
670 ## - SOURCE DATA FOUND
- Source citation: Work cat.: (NUST)32566: Braga, Newton C. 84660, Robotics, mechatronics, and artificial intelligence :, c2002.
